[Event "Feffernitz Raika op 16th"]
[Site "Feffernitz"]
[Date "2007.08.19"]
[Round "2"]
[White "D'Incecco, Stefano"]
[Black "Wertjanz, David"]
[Result "0-1"]
[WhiteElo "1486"]
[BlackElo "1861"]
[PlyCount "72"]
[EventDate "2007.08.19"]
[EventType "swiss"]
[EventRounds "9"]
[EventCountry "AUT"]
[SourceTitle "EXT 2008"]
[Source "ChessBase"]
[SourceDate "2007.11.25"]
[SourceVersion "1"]
[SourceVersionDate "2007.11.25"]
[SourceQuality "1"]

1. e4 c5 2. Na3 b6 3. Bb5 Bb7 4. d3 g6 5. Nf3 Bg7 6. 0-0 e6 7. Bg5 Qc7 8. Qc1 Nc6 9. Re1 h6 10. Bh4 Nge7 11. Bg3 e5 12. Bc4 a6 13. Bd5 0-0 14. Nc4 d6 15. Bxc6 Bxc6 16. a4 f5 17. h3 b5 18. axb5 axb5 19. Rxa8 Rxa8 20. Ncd2 Qb7 21. Qb1 g5 22. b4 c4 23. dxc4 fxe4 24. cxb5 Bd5 25. Nh2 e3 26. Rxe3 Nf5 27. Re1 e4 28. Qc1 Ra1 29. Nb1 Ba2 30. Qd2 Nxg3 31. fxg3 Rxb1 32. Rxb1 Bxb1 33. Qxd6 Qxb5 34. Qe6+ Kh8 35. Qc8+ Kh7 36. Qf5+ Qxf5 0-1